Odd One Out: TV Actors II Quiz Stats

 Plays Quiz Updated Jun 6, 2015

Challenge
Share
Tweet
Score 0/20 Timer 06:00
0 Plays Today
% Correct
B - Jeff Garlin from Curb Your Enthusiasm
94.9%
A - Richard Dean Anderson from Stargate SG-1
92.2%
D - Josh Radnor from How I Met Your Mother
89.2%
D - Leah Remini from King of Queens
88.9%
C - Tony Danza from Who's the Boss?
81.7%
A - Gillian Jacobs from Community
79.2%
B - David Zayas from Dexter
78.2%
C - Alan Alda from M*A*S*H
77.2%
A - Marcia Cross from Desperate Housewives
77.2%
C - Troian Bellisario from Pretty Little Liars
75.6%
% Correct
B - Kristin Davis from Sex and the City
69.2%
A - Jane Kaczmarek from Malcolm in the Middle
66.4%
D - Dan Castellaneta from the Simpsons (Homer Simpson)
66.3%
C - Claire Danes from Homeland
65%
A - Justin Kirk from Weeds
63.6%
B - Doug Savant from Melrose Place
63.4%
D - Vincent Piazza from Boardwalk Empire
58.1%
C - Andrew Sachs from Fawlty Towers
50.7%
B - Mahershala Ali from House of Cards
50.4%
D - Glenn Howerton from It's Always Sunny in Philadelphia
48.2%

You're not logged in!

Compare scores with friends on all Sporcle quizzes.
Join for Free
OR
Log In

You Might Also Like...

Show Comments

Extras

Top Quizzes Today


Score Distribution

Your Account Isn't Verified!

In order to create a playlist on Sporcle, you need to verify the email address you used during registration. Go to your Sporcle Settings to finish the process.

Report this User

Report this user for behavior that violates our Community Guidelines.

Details: